Ανάλυση υδάτων της Σάμου και πιθανές επιπτώσεις στην υγεία του πληθησμού : μεταπτυχιακή διατριβή

Πολλές μελέτες έχουν ασχοληθεί με τις λοιμώξεις που μεταδίδονται με την κατανάλωση μολυσμένου νερού, η οποία οδηγεί κατά κανόνα σε εμφάνιση συμπτωμάτων γαστρεντερίτιδας. Το νερό μπορεί να είναι μολυσμένο με βακτήρια (Campylobacter spp. E. coli, Salmonella spp., Shigella spp., Vibrio cholera, Yersini...

Πλήρης περιγραφή

Αποθηκεύτηκε σε:
Λεπτομέρειες βιβλιογραφικής εγγραφής
Κύριος συγγραφέας: Μακρή, Εμμανουέλα
Συγγραφή απο Οργανισμό/Αρχή: Πανεπιστήμιο Αιγαίου. Σχολή Θετικών Επιστημών. Τμήμα Στατιστικής και Αναλογιστικών-Χρηματοοικονομικών Μαθηματικών. Μεταπτυχιακό Πρόγραμμα Στατιστική και Αναλογιστικά - Χρηματοοικονομικά Μαθηματικά
Μορφή: Thesis Βιβλίο
Γλώσσα:Greek
Δημοσίευση: 2013.
Θέματα:
Διαθέσιμο Online:http://hdl.handle.net/11610/15584
Ετικέτες: Προσθήκη ετικέτας
Δεν υπάρχουν, Καταχωρήστε ετικέτα πρώτοι!

MARC

LEADER 00000cam a2200000 i 4500
001 1/44043
008 140310s2013 gr | ||| |||| ||gre||
035 |l 10117051 
040 |a GR-MyUA  |b gre  |e AACR2 
041 0 |a gre 
082 0 |a 628.161   |2 (22) 
100 1 |a Μακρή, Εμμανουέλα. 
245 1 0 |a Ανάλυση υδάτων της Σάμου και πιθανές επιπτώσεις στην υγεία του πληθησμού :   |b μεταπτυχιακή διατριβή /   |c Εμμανουέλα Μακρή ; επιβλέπων καθηγητής Πέτρος Χατζόπουλος.  
260 |c 2013.  
300 |a 109 σ. :   |b πιν., διάγρ. ;   |c 30 εκ.  
500 |a Μέλη της εξεταστικής επιτροπής: Χατζόπουλος Πέτρος, Τσιμήκας Τζων, Ξανθόπουλος Στέλιος.  
502 |a Διατριβή (μεταπτυχιακή) – Πανεπιστήμιο Αιγαίου, Σάμος, 2013.  
504 |a Βιβλιογραφία: σ. 107-109.  
506 1 |a Διάθεση πλήρους κειμένου ;   |d Ενδοπανεπιστημιακή δημοσίευση.  
520 |a Πολλές μελέτες έχουν ασχοληθεί με τις λοιμώξεις που μεταδίδονται με την κατανάλωση μολυσμένου νερού, η οποία οδηγεί κατά κανόνα σε εμφάνιση συμπτωμάτων γαστρεντερίτιδας. Το νερό μπορεί να είναι μολυσμένο με βακτήρια (Campylobacter spp. E. coli, Salmonella spp., Shigella spp., Vibrio cholera, Yersinia spp. κ.α), ιούς (Adenovirus, Astrovirus, Enterovirus, ιοί της Ηπατίτιδας Α και Ε, Norovirus, Rotavirus, Sapovirus κ.α.), πρωτόζωα και έλμινθες (Cryptosporidium parvum, Entamoeba histolytica, Giardia intestinalis, Toxoplasma gondii κ.α.). Ο κατάλογος των πιθανών αιτιολογικών παραγόντων των υδατογενών λοιμώξεων συνεχώς μεγαλώνει όσο εξελίσσονται οι εγαστηριακές τεχνικές απομόνωσης των μικροοργανισμών (ΚΕΕΛΠΝΟ, 2011).Σκοπός της εργασίας είναι να ερευνηθεί κατά πόσο η συγκέντρωση συγκεκριμένων μικροβιολογικών δεικτών, όπως της Escherichia Coli, των Εντερόκοκκων και των Ολικών Κολοβακτηριοεδών, συσχετίζεται τόσο με τις εισαγωγές ασθενών λόγω λοιμώδους γαστρεντερίτιδας στο νοσοκομείο της Σάμου, όσο και με τα περιστατικά γαστρεντερίτιδας που εμφανίστηκαν στο νησί (στα οποία δεν πραγματοποιήθηκε εισαγωγή του ασθενούς). Επίσης διερευνάται και η συμετοχή άλλων μεταβλητών (όπως περιοχή κατοικίας και ηλικία ασθενούς) στο δείκτη επίπτωσης. Η παρούσα εργασία χωρίζεται σε δύο μέρη. Στο πρώτο μέρος παρουσιάζονται τα περιγραφικά στατιστικά από τις μικροβιολογικές αναλύσεις των υδάτων του νησιού της Σάμου, καθώς και τα δεδομένα από τα περιστατικά γαστρεντερίτιδας που εμφανίστηκαν στο νησί για τις χρονιές 2011 και 2012. Πραγματοποιείται δηλαδή μία περιγραφική επιδημιολογική έρευνα. Στο δεύτερο μέρος της εργασίας εφαρμόζεται το μοντέλο της Poisson παλινδρόμησης στις δύο κατηγορίες δεδομένων που αναφέρθηκαν παραπάνω. Έτσι καταλήγουμε σε δύο μοντέλα, το πρώτο μοντέλο αναφέρεται στα περιστατικά γαστρεντερίτιδας και το δεύτερο μοντέλο στις εισαγωγές των ασθενών λόγω λοιμώδους γαστρεντερίτιδας. Έχουμε αντίστοιχα: (4.3) (4.4) 
610 2 0 |a University of the Aegean  |x Dissertations. 
650 0 0 |a Water quality  |z Greece  |z Samos (Municipality)  |x Statistics. 
650 0 0 |a Linear models (Statistics) 
650 0 0 |a Epidemiology  |x Statistical methods. 
650 0 0 |a Dissertations, Academic  |z Greece. 
700 1 |a Χατζόπουλος, Πέτρος Φ.  |e dgs 
710 2 |a Πανεπιστήμιο Αιγαίου.   |b Σχολή Θετικών Επιστημών.   |b Τμήμα Στατιστικής και Αναλογιστικών-Χρηματοοικονομικών Μαθηματικών.   |b Μεταπτυχιακό Πρόγραμμα Στατιστική και Αναλογιστικά - Χρηματοοικονομικά Μαθηματικά. 
852 |a INST  |b SAMOS  |c DIATR  |e 20140310  |h 628.161 ΜΑΚ  |p 005300036543  |q 005300036543  |t MTXE  |y 23 
852 |a INST  |b SAMOS  |c DIATR  |e 20140310  |h 628.161 ΜΑΚ  |p 005300036544  |q 005300036544  |t MTXE  |y 23 
856 |u http://hdl.handle.net/11610/15584 
901 |a BIBL3-2014-1 
909 |a Σ  |b 184723 
909 |a Σ  |b 184724 
924 |a ΜΑΚΡΗ  |b ΕΜΜΑΝΟΥΕΛΑ  |y Σάμος  |z 2013-11 
970 |z 2012/01/